• 首页
  • 本馆介绍
  • 公告通知
  • 最新文献
  • 馆藏检索
  • 电子资源
  • 读者导购
  • 参考咨询
  • 我的图书馆
  • 登录
  • 详细信息显示
  • 放入我的书架
  • 预约/预借图书
  • 作者相关作品
  • 分类相关作品
  • 丛书相关作品
  • 出版社相关作品

书目信息

  • 表格格式
  • 工作单格式
  • 卡片格式
题名:
生物光子学
    
 
作者: 顾樵 著
分册:  
出版信息: 北京   科学出版社  2016.06
页数: 12, 327页,[1]叶图版
开本: 25cm
丛书名: 光学与光子学丛书
单 册:
中图分类: Q63
科图分类:
主题词: 生物光学--研究
电子资源:
ISBN: 978-7-03-048500-7
000 01343oam2 2200301 450
001 012016086374
005 20170512103605.00
010    @a978-7-03-048500-7@b精装@dCNY129.00
100    @a20160809d2016 em y0chiy50 ea
101 1  @achi@cger
102    @aCN@b110000
105    @aafk z 001yy
106    @ar
200 1  @a生物光子学@9sheng wu guang zi xue@dBiophotonics@f(德)顾樵(Qian Gu)著@zeng
205    @a3版
210    @a北京@c科学出版社@d2016.06
215    @a12, 327页,[1]叶图版@c图@d25cm
225 2  @a光学与光子学丛书
300    @a“十二五”国家重点图书出版规划项目
330    @a本书在介绍生物光子辐射基本概念的基础上,系统阐述了生物光子辐射的相干性理论、量子理论、半经典理论及生物光子统计理论,并全面介绍了生物光子检测技术在食品安全与质量检验、水质分析与环境监测、医疗科技、药物性能和效力的研究及农业科学等领域的应用。
333    @a本书可用作生物物理学、量子生物学、食品化学、环境科学、医学、药物学、农业科学及其他相关生命科学交叉研究领域的教师、研究生的教学与科研参考书,也可作为相关工程技术人员的参考资料,还可供在国外相关专业学习、研究和工作的本科生、研究生及访问学者参考
461  0 @12001 @a光学与光子学丛书
510 1  @aBiophotonics@zeng
606 0  @a生物光学@x研究
690    @aQ63@v5
701  0 @c(德)@a顾樵@9gu qiao@c(Gu, Qian)@4著
801  0 @aCN@b人天书店@c20160809
905    @b989991-93@dQ63@e29=3@f3
    
    生物光子学=Biophotonics/(德)顾樵(Qian Gu)著.-3版.-北京:科学出版社,2016.06
    12, 327页,[1]叶图版:图;25cm.-(光学与光子学丛书)
    “十二五”国家重点图书出版规划项目.-使用对象:本书可用作生物物理学、量子生物学、食品化学、环境科学、医学、药物学、农业科学及其他相关生命科学交叉研究领域的教师、研究生的教学与科研参考书,也可作为相关工程技术人员的参考资料,还可供在国外相关专业学习、研究和工作的本科生、研究生及访问学者参考
    
    ISBN 978-7-03-048500-7(精装):CNY129.00
    本书在介绍生物光子辐射基本概念的基础上,系统阐述了生物光子辐射的相干性理论、量子理论、半经典理论及生物光子统计理论,并全面介绍了生物光子检测技术在食品安全与质量检验、水质分析与环境监测、医疗科技、药物性能和效力的研究及农业科学等领域的应用。
●
相关链接 在E读中查询图书 在五车中查询图书 在当当中查询图书 在豆瓣中查询图书


正题名:生物光子学     索取号:Q63/29=3         预约/预借

序号 登录号 条形码 馆藏地/架位号 状态 备注
1 989991   209899911   第二样本阅览室/ [索取号:Q63/29=3] 在馆    
2 989992   209899920   第三借阅区/ [索取号:Q63/29=3] 在馆    
3 989993   209899939   密集书库-生命科学系/ [索取号:Q63/29=3] 在馆    
唐山师范学院图书馆 欢迎您!
大连网信软件有限公司© 版权所有